• 首页
  • 本馆介绍
  • 公告通知
  • 最新文献
  • 馆藏检索
  • 电子资源
  • 读者导购
  • 参考咨询
  • 我的图书馆
  • 登录
  • 详细信息显示
  • 放入我的书架
  • 预约/预借图书
  • 作者相关作品
  • 分类相关作品
  • 丛书相关作品
  • 出版社相关作品

书目信息

  • 表格格式
  • 工作单格式
  • 卡片格式
题名:
电子系统设计与实战
    
 
作者: 薛小铃 编著
分册:   STM32+FPGA控制版
出版信息: 北京   高等教育出版社  2015
页数: 440页
开本: 26cm
丛书名:
单 册:
中图分类: TN02
科图分类:
主题词: 电子系统--系统设计--高等学校--教材
电子资源:
ISBN: 978-7-04-042733-2
000 01025nam0 2200241 450
001 0103599716
005 20151012113745.0
010    @a978-7-04-042733-2@dCNY46.50
100    @a20150828d2015 em y0chiy0120 ea
101 0  @achi
102    @aCN@b110000
105    @aa z 000yy
106    @ar
200 1  @a电子系统设计与实战@9Dian Zi Xi;Ji Tong She Ji Yu Shi Zhan @iSTM32+FPGA控制版@f薛小铃编著@b专著
210    @a北京@c高等教育出版社@d2015
215    @a440页@c图@d26cm
300    @a高等学校电子系统设计系列教材 全国大学生电子设计竞赛系列教材
330    @a本书内容取材于作者多年积累的手记和项目笔记,突出了数模混合、ARM和FPGA综合的电子系统设计经验与技巧,书中所有模块电路、程序和开发实例都经过了实物的调试和验证。由导读、模拟系统设计、STM32应用系统设计、现代数字(FPGA)系统设计和综合系统设计五部分组成,各系统后面安排有相应的设计训练题。
606 0  @a电子系统@x系统设计@x高等学校@j教材
690    @aTN02@v5
701  0 @a薛小铃@4编著@9xue xiao ling
801  0 @aCN@bAZmarc@c20230908
905    @aBZT@dTN02@e3@f1@sTN02/3
    
    电子系统设计与实战.STM32+FPGA控制版/薛小铃编著.-北京:高等教育出版社,2015
    440页:图;26cm
    高等学校电子系统设计系列教材 全国大学生电子设计竞赛系列教材
    
    ISBN 978-7-04-042733-2:CNY46.50
    本书内容取材于作者多年积累的手记和项目笔记,突出了数模混合、ARM和FPGA综合的电子系统设计经验与技巧,书中所有模块电路、程序和开发实例都经过了实物的调试和验证。由导读、模拟系统设计、STM32应用系统设计、现代数字(FPGA)系统设计和综合系统设计五部分组成,各系统后面安排有相应的设计训练题。
●
相关链接 在五车中查询图书 在当当中查询图书 在豆瓣中查询图书


正题名:电子系统设计与实战     索取号:TN02/3         预约/预借

序号 登录号 条形码 馆藏地/架位号 状态 备注
1 2000008914   2000008914   旧书回溯/ [索取号:TN02/3] 在馆    
山东省滨州职业学院图书馆 欢迎您!
大连网信软件有限公司© 版权所有